Cumhuriyet Halk Partisi yeni bir ilke imza atıyor... (Record no. 7449)

MARC details
000 -BAŞLIK
Sabit Uzunlukta Kontrol Alanı 01174na a2200337 4500
001 - KONTROL NUMARASI
Denetim Alanı 20224
003 - KONTROL NUMARASI IDENTIFIER
Denetim Alanı MIRAKIL
005 - SON İŞLEM TARİHİ VE ZAMANI
Denetim Alanı 20181213155139.0
008 - SABİT-BOY VERİ ELEMANLARI - GENEL BİLGİLER
Sabit Uzunlukta Kontrol Alanı 170120b tu 000 0
035 ## - SİSTEM KONTROL NUMARASI
Sistem Kontrol Numarası 20224
040 ## - KATALOGLAMA KAYNAK
Orijinal Kataloglama Ajansı Milas
Kataloglama Dili tur
Metne Dönüştürmek Ajansı TR-AnCHP
041 ## - DİL KODU
Metin / Ses Parça Veya Ayrı Başlığın Dil Kodu tur
082 ## - DEWEY ONLU SINIFLANDIRMA NUMARASI
Sınıflandırma Numarası CHP 324.2372
Ürün Numarası C36h [1999?]
090 ## - SINIFLAMA NUMARASI
Sınıflama Numarası CHP 324.2372 C36h [1999?]
110 ## - ANA GİRİŞ - KURUMSAL ADI
Giriş Elemanı Olarak Kurumsal Ad Veya Yargı Alanı Adı Cumhuriyet Halk Partisi (CHP)
222 ## - ANAHTAR ADI
Anahtar Başlık Halk ile birlikte çözüm projesi
245 ## - BAŞLIK TABLOSU
Başlık Cumhuriyet Halk Partisi yeni bir ilke imza atıyor...
Başlığın Kalan Halk ile birlikte çözüm
Sorumluluk Tablosu, Vb CHP
246 ## - UNVAN FORM VARYING
Başlık Doğru / Kısa Başlığı Halk ile birlikte çözüm
260 ## - YAYIN, DAĞITIM, VB
Yayın, Dağıtım, Vb Yeri Ankara
Yayıncı, Dağıtıcı, Vs Adı CHP
Yayın, Dağıtım, Vb Tarihi [1999?]
300 ## - FİZİKSEL TANIM
Kapsam ktl. broşür
Boyutlar 21 sm.
440 ## - SERİSİ TABLOSU / KATMA GİRİŞİ - BAŞLIK
Başlık Cumhuriyet Halk Partisi yayınları
Bir İşin Parçası / Bölümün İsmi Projeler
-- Broşürler
490 ## - SERİSİ TABLOSU
Seri Beyanı Halk ile Birlikte Çözüm (HÇB)
Hacim / Ardışık Tanımı 5
500 ## - GENEL NOT
Genel Not Dış kapak yapıt adı: Halk ile birlikte çözüm
500 ## - GENEL NOT
Genel Not Kütüphaneciden çevrimdışı versiyonu sağlanabilir
610 ## - KONU KATMA GİRİŞ - TOPLANTI ADI
Giriş Elemanı Olarak Kurumsal Ad Veya Yargı Alanı Adı Cumhuriyet Halk Partisi (CHP)
Genel Alt Bölüm Toplumsal sorunlar
Kronolojik Alt Bölüm Çözüm önerileri
740 ## - KATMA GİRİŞ - KONTROLSUZ İLGİLİ / ANALİTİK BAŞLIK
Kontrol Edilmeyen / İlgili Analitik Başlıktaki Halk ile birlikte çözüm
830 ## - SERİSİ EKLENDİ GİRİŞ - ÜNİFORM ADI
Üniforma Başlık CHP broşürleri
942 ## - EKLENDİ GİRİŞ ELEMANLARI (KOHA)
Sınıflandırma Veya Raf Düzeni Kaynak Dewey Decimal Classification
Koha Öğesi Türü Books
999 ## - SİSTEM KONTROL NUMARALARI (KOHA)
Koha Biblionumber 7449
Koha Biblioitemnumber 7449
657 ## - INDEX SÜRE - İŞLEVİ
-- CHP broşürleri
Holdings
Kalıcı Konum Mevcut Konum Edinme Tarihi Edinim Kaynak Toplam Check-Out'Lar Tam Çağrı Numarası Barkod Tarih Son Görülme İtibaren Geçerli Fiyatlar Sigara Kamu Notu Koha Öğesi Türü Kopya Sayısı
CHP Kütüphanesi CHP Kütüphanesi 01/15/2017 Bağış   CHP 324.2372 C36h [1999?] 011484 01/15/2017 01/15/2017 Özgün broşür Books  
CHP Kütüphanesi CHP Kütüphanesi 01/15/2017 Bağış   CHP 324.2372 C36h [1999?] 011485 01/15/2017 01/15/2017 Özgün broşür Books k.2